| 000 | 01781 a2200253 4500 | ||
|---|---|---|---|
| 003 | UA-OsUOA | ||
| 005 | 20220419184845.0 | ||
| 008 | 220419b un ||||| |||| 00| 0 ukr d | ||
| 020 | _a9789660395343 | ||
| 040 |
_aUA-OsUOA _bukr _cUA-OsUOA _dUA-OsUOA |
||
| 041 | _aukr | ||
| 080 | _a929:78.07 | ||
| 090 |
_a929:78.07 _bЗ-45 |
||
| 100 | _aЗгурська М. | ||
| 245 |
_aКузьма Скрябін _cМарія Згурська, Віталій Бардецький ; худож.-оформлювач Є. Вдовиченко |
||
| 260 |
_aХарків _bФоліо _c2020 |
||
| 300 | _a127 с. | ||
| 490 | _aЗнамениті українці | ||
| 520 | _aКузьма Скрябін, Кузьменко Андрій Вікторович (1968—2015), став легендою ще за життя. Його вплив на індустрію музики і культури України важко порівнювати з іншими. Кузьма був кумиром мільйонів українців і незаперечним авторитетом: співак, композитор, письменник, продюсер, актор і багаторічний лідер гурту «Скрябін». Він запам’ятався своїм шанувальникам неймовірним гумором, божевільними ідеями та відкритим серцем... У книзі багато спогадів близьких друзів, колег-музикантів. | ||
| 650 |
_2UDC _a929 Біографічні дослідження |
||
| 942 |
_cBK _2udc |
||
| 955 | _a3 | ||
| 999 |
_c572418 _d572418 |
||